Το κυπριακό ζήτημα : ανάγκη μιας νέας πολιτικής

Αποθηκεύτηκε σε:
Λεπτομέρειες βιβλιογραφικής εγγραφής
Κύριος συγγραφέας: Στοφορόπουλος, Θ.Χ
Άλλοι συγγραφείς: Μακρυδημήτρης, Αντώνης, 1955-, Βάσσης, Λαοκράτης
Μορφή: Βιβλίο
Γλώσσα:Greek
Δημοσίευση: Αθήνα : Σιδέρης, 2002.
Θέματα:
Ετικέτες: Προσθήκη ετικέτας
Δεν υπάρχουν, Καταχωρήστε ετικέτα πρώτοι!

MARC

LEADER 00000cam a2200000 i 4500
001 1/63640
008 041022s2002 gr | ||| |||| ||gre||
020 |a 960080270X 
035 |l 10074871 
040 |a GR-MY-UA  |b gre  |e aacr 
041 0 |a gre 
082 7 |a 956.9303   |2 (22) 
100 1 |a Στοφορόπουλος, Θ.Χ. 
245 1 3 |a Το κυπριακό ζήτημα :   |b ανάγκη μιας νέας πολιτικής /   |c Θ.Χ. Στοφορόπουλος, Λ. Βάσσης, Αντ. Μακρυδημήτρης.  
260 |a Αθήνα :   |b Σιδέρης,   |c 2002.  
300 |a 71 σ. ;   |c 21 εκ.  
651 0 |a Cyprus  |x History  |y Cyprus Crisis, 1974- 
651 0 |a Cyprus  |x History  |y 20th century. 
700 1 |a Μακρυδημήτρης, Αντώνης,   |d 1955- 
700 1 |a Βάσσης, Λαοκράτης. 
852 |a INST  |b RHODES  |e 20041022  |h 956.9303 ΣΤΟ  |p 005400018341  |q 005400018341  |t BK  |y 0 
901 |a BIBL4-2004-3 
909 |a Ρ  |b 110035 
920 |a ΔΙΕΥΡΥΝΣΗ  |b ΕΠΕΑΕΚ ΙΙ-ΤΜΣ  |y Ρόδος  |z 2004-10 
970 |a ΚΟΥΛΑΚΙΟΤΗ  |b ΛΙΤΣΑ  |z 2004/10/22